000 00333 a2200157 4500
001 186471
020 _a978-85-16-07297-1
040 _cMagnum
100 _aRocha, Ruth
240 1 0 _aO bairro do Marcelo
_lpor
245 1 0 _aO bairro do Marcelo
300 _a30
362 0 _a2011
697 _aLITERATURA INFANTIL
942 _cBK
999 _c186471
_d186471